01099nab a22002417a 4500999001500000003000400015005001700019008004100036040000700077100003200084245011900116260007300235300001300308500004400321505013300365505009000498650002600588650003500614650002800649650002100677773014600698942001300844 c5389d5389OSt20250310115201.0190604e xxu||||| |||| 00| 0 spa d cPJ 96416aFernández, Hilda E.10aProtección jurídica de la vivienda. ¿Quiénes están legitimados para solicitarla? /cHilda E. Fernández. aCiudad Autónoma de Buenos Aires :bThomson Reuters La Ley, c2025. ap. 56-61 aCita Online: TR LALEY AR/DOC/2987/2024. aSumario: I. Introducción.— II. Legitimados para solicitar la protección jurídica de la vivienda.— III. Conclusiones.  t¿Te interesa el texto completo? Solicitalo al correo: koha@justierradelfuego.gov.ar  091821aDERECHOS REALES 091497aCODIGO CIVIL Y COMERCIAL 095362aVIVIENDA FAMILIAR 092289aPOSESIÓN0 0271493171dCiudad Autónoma de Buenos Aires : Thomson Reuters La Ley, 2014-tRevista anales de legislación argentina. Nº 3 - Marzo 2025. 2udccANA